Etruschi: scoperte e capolavori da una splendida civiltà dell'Italia antica
Đã lưu trong:
| Những tác giả chính: | , |
|---|---|
| Định dạng: | Sách |
| Ngôn ngữ: | Tiếng Italy |
| Được phát hành: |
Milán
Mondadori Electa Spa
2003
|
| Loạt: | ArtBook, 38
|
| Những chủ đề: | |
| Các nhãn: |
Thêm thẻ
Không có thẻ, Là người đầu tiên thẻ bản ghi này!
|
MARC
| LEADER | 00000nam a2200000 a 4500 | ||
|---|---|---|---|
| 001 | UCK0404 | ||
| 003 | CL-VaPUC | ||
| 008 | 041001e20030000IT |||||||||||||||||ita|d | ||
| 020 | |a 8843583581 | ||
| 082 | 0 | 4 | |a 937.01 |b BOR |2 21 |
| 100 | 0 | |a Borrelli, Federica |e author |9 488332 | |
| 700 | 0 | |a Targia, Maria Cristina |e author |9 488333 | |
| 245 | 1 | 0 | |a Etruschi: scoperte e capolavori da una splendida civiltà dell'Italia antica |
| 300 | |a 143 p | ||
| 942 | |c BK | ||
| 945 | |d 20041001 00:00:00 |a cmena | ||
| 260 | |a Milán |b Mondadori Electa Spa |c 2003 | ||
| 650 | 0 | |a Etruscos |9 267523 | |
| 650 | 0 | |a Estilos artísticos |9 340996 | |
| 650 | 0 | |a Arte antiguo |9 330766 | |
| 650 | 0 | |a Civilizaciones antiguas |9 265998 | |
| 583 | |a last modification |c 20041001 00:00:00 |k Rodrigo Vera | ||
| 490 | 0 | |a ArtBook, 38 | |
| 999 | |c 310855 |d 310853 | ||
| 952 | |0 0 |1 0 |4 0 |6 937_010000000000000_BOR_2003 |7 0 |8 A |9 379886 |a BIBHIS |b BIBHIS |d 2019-11-21 |i 4067320 |o 937.01 BOR 2003 |p 4067320 |r 2025-01-20 |w 2019-11-21 |y BK |k HIS | ||